Normal view MARC view

Entry Nombre personal

Number of records used in: 1

001 - NÚMERO DE CONTROL

  • campo de control: 240576

003 - IDENTIFICADOR DE NÚMERO DE CONTROL

  • campo de control: ES-MaACL

005 - FECHA Y HORA DE LA ÚLTIMA TRANSACCIÓN

  • campo de control: 20250520165825.0

008 - ELEMENTOS DE DATO DE LONGITUD-FIJA

  • campo de control de longitud fija: 930829nn ainnnaabn a aaa

016 ## - NÚMERO DE CONTROL DE UNA AGENCIA BIBLIOGRÁFICA NACIONAL

  • Número de control del registro: BNE20011653993

024 7# - IDENTIFICADOR DE OTROS ESTÁNDARES

  • Número estándar o código: http://www.wikidata.org/entity/Q5411650
  • Fuente: wikidata

024 7# - IDENTIFICADOR DE OTROS ESTÁNDARES

  • Número estándar o código: http://viaf.org/viaf/78903787/
  • Fuente: viaf

024 7# - IDENTIFICADOR DE OTROS ESTÁNDARES

  • Número estándar o código: https://isni.org/isni/0000000055071288
  • Fuente: isni

040 ## - FUENTE DE CATALOGACIÓN

  • Centro catalogador/agencia de origen: SpMaBN
  • Lengua de catalogación: spa
  • Centro/agencia transcriptor: SpMaBN
  • Normas de descripción: rdc
  • Convención/Normas de encabezamiento de materia/tesauro: embne

046 ## - FECHAS CON CODIFICACIÓN ESPECIAL

  • Fecha de nacimiento: 1882
  • Fecha de la muerte: 1946

100 1# - ENCABEZAMIENTO-NOMBRE DE PERSONA

  • Nombre de persona: Risso, Romildo
  • Fechas asociadas al nombre: 1882-1946

370 ## - LUGAR ASOCIADO

  • Lugar de nacimiento: Uruguay, Montevideo

370 ## - LUGAR ASOCIADO

  • Lugar de fallecimiento: Uruguay, Montevideo

372 ## - CAMPO DE ACTIVIDAD

  • Campo de actividad: Literatura
  • Fuente del término: tgfbne

374 ## - OCUPACIÓN

  • Ocupación: Poetas
  • Ocupación: Escritores
  • Fuente del término: embne

375 ## - GÉNERO/SEXO

  • Género: Masculino

400 1# - TRAZADO DE VÉASE--NOMBRE DE PERSONA

  • Nombre de persona: Risso, R.
  • Fechas asociadas al nombre: 1882-1946

670 ## - FUENTE DE DATOS ENCONTRADOS

  • Cita de la fuente: WWW. BN España. ; aut